Pays asiatiques commençant et finissant par une consonne - Statistiques

Statistiques générales
  • Ce quiz a été pris 73 fois
    66 depuis la dernière actualisation
  • Le résultat moyen est 17 sur 22
Statistiques - réponses
Réponse % Correct
Japon
92%
Kazakhstan
92%
Pakistan
90%
Qatar
88%
Tadjikistan
84%
Turkménistan
84%
Bangladesh
82%
Kirghizistan
82%
Laos
82%
Liban
82%
Viêt Nam
82%
Corée du Nord
78%
Corée du Sud
78%
Népal
78%
Singapour
76%
Bahreïn
73%
Bhoutan
71%
Koweït
69%
Timor oriental
67%
Philippines
61%
Taïwan
61%
Maldives
59%
Aucun quiz correspondant
Distribution des résultats
% des personnes avec chaque résultat
Percentile par nombre de réponses
Votre historique - résultats
Vous n’avez pas pris ce quiz depuis la dernière actualisation